| 000 | 00917cam a22002777a 4500 | ||
|---|---|---|---|
| 003 | CHAP | ||
| 005 | 20220329133316.0 | ||
| 008 | 971013s r 00010 d | ||
| 010 | _a4701 | ||
| 011 | _a5673 | ||
| 035 | _a4888 | ||
| 040 | _cCHAP | ||
| 090 | _aR-3339 | ||
| 100 | 0 | 0 |
_aKaczmarek, Feliks. _962566 |
| 245 | 0 | _aIsolation of hyperoside and vitexin rhamnoside from Inflorescentia crataegi and investigations on their effect on coronary blood flow | |
| 500 | _aSobretiro de: Nadbitka Herbapolonica; v.19; (2), 138-143; 1973 | ||
| 590 |
_aBATCH-UPD _b10 _c20130110 _lUCH01 _h2041 |
||
| 590 |
_aBATCH-UPD _b10 _c20130410 _lUCH01 _h1355 |
||
| 590 |
_aBATCH-UPD _b10 _c20130914 _lUCH01 _h1418 |
||
| 590 |
_aCONVERSION _b10 _c20130109 _lUCH01 _h1304 |
||
| 650 | 1 | 4 |
_aFlavonoides. _941237 |
| 650 | 1 | 4 |
_aTejocote _xAnĂ¡lisis. _9112034 |
| 901 | _aBK | ||
| 942 | _cREIMP | ||
| 949 |
_aR-3339 _bBC _cR _d-14452 _eTS1 _i4888 _si |
||
| 999 |
_c4701 _d4701 |
||